Trouve tous les jeux développés ou édités par Bethesda - Statistiques

Statistiques générales
  • Ce quiz a été pris 8 fois
  • Le résultat moyen est 18 sur 101
Statistiques - réponses
Année Titre Genre Plates-formes Développeur % Correct
2006 The Elder Scrolls IV: Oblivion Action-RPG Mobile Vir2L Studios
86%
2006 The Elder Scrolls IV: Oblivion Action-RPG Windows, Xbox 360, PlayStation 3 Bethesda Game Studios
86%
2011 The Elder Scrolls V: Skyrim Action-RPG Windows, Xbox 360, PlayStation 3 Bethesda Game Studios
86%
2016 The Elder Scrolls V: Skyrim Special Edition Action-RPG Windows, PlayStation 4, Xbox One, Nintendo Switch Bethesda Game Studios
86%
2008 Fallout 3 Action-RPG Windows, Xbox 360, PlayStation 3 Bethesda Game Studios
71%
2015 Fallout 4 Action-RPG Windows, PlayStation 4, Xbox One Bethesda Game Studios
57%
2016 Doom Tir en vue à la première personne Windows, PlayStation 4, Xbox One id Software
43%
2020 Doom Eternal Tir en vue à la première personne Windows, Xbox One, Xbox Series, PlayStation 4, PlayStation 5, Nintendo Switch, Google Stadia id Software
43%
2018 Fallout 76 Action-RPG Windows, PlayStation 4, Xbox One Bethesda Game Studios
43%
2010 Fallout: New Vegas Action-RPG Windows, PlayStation 3, Xbox 360 Obsidian Entertainment
43%
2023 Starfield Action-RPG Windows, Xbox Series Bethesda Game Studios
43%
2002 The Elder Scrolls III: Morrowind Action-RPG Windows, Xbox Bethesda Game Studios
43%
2014 Wolfenstein: The New Order Tir en vue à la première personne Windows, PlayStation 3, Xbox 360, PlayStation 4, Xbox One MachineGames
43%
2012 Doom 3 BFG Edition Tir en vue à la première personne Windows, PlayStation 3, Xbox 360 id Software
29%
1994 The Elder Scrolls: Arena Action-RPG DOS Bethesda Softworks
29%
1996 The Elder Scrolls II: Daggerfall Action-RPG DOS Bethesda Softworks
29%
2014 The Elder Scrolls Online MMORPG Windows, OS X, PlayStation 4, Xbox One ZeniMax Online Studios
29%
2017 Wolfenstein II: The New Colossus Tir en vue à la première personne Windows, PlayStation 4, Xbox One, Nintendo Switch MachineGames
29%
2015 Wolfenstein: The Old Blood Tir en vue à la première personne Windows, PlayStation 4, Xbox One MachineGames
29%
2019 Wolfenstein: Youngblood Tir en vue à la première personne Windows, PlayStation 4, Xbox One, Nintendo Switch MachineGames, Arkane Studios
29%
2009 AMF Bowling Pinbusters! Sport iPhone Vir2L Studios
14%
1997 An Elder Scrolls Legend: Battlespire Action-RPG DOS, Windows Bethesda Softworks
14%
2005 Breeders' Cup World Thoroughbred Championships Course PlayStation 2, Xbox 4J Studios
14%
2011 Brink Tir en vue à la première personne Windows, PlayStation 3, Xbox 360 Splash Damage
14%
2008 (seulement au Japon) Bully Action Xbox 360, PlayStation 2, Wii, Windows Rockstar Vancouver
14%
1998 Burnout: Championship Drag Racing Course DOS Bethesda Softworks
14%
2005 Call of Cthulhu: Dark Corners of the Earth Aventure Windows, Xbox Headfirst Productions
14%
2021 Deathloop Action-aventure Windows, PlayStation 5, Xbox Series Arkane Lyon
14%
1994 Delta V Action DOS Bethesda Softworks
14%
2012 Dishonored Tir en vue à la première personne Windows, PlayStation 3, Xbox 360 Arkane Studios
14%
2016 Dishonored 2 Tir en vue à la première personne Windows, PlayStation 4, Xbox One Arkane Lyon
14%
2012 Extensions Dawnguard, Hearthfire et Dragonborn pour Skyrim Action-RPG Windows, Xbox 360, PlayStation 3 Bethesda Game Studios
14%
2009 Extensions Operation Anchorage et The Pitt pour Fallout 3 Action-RPG Windows, Xbox 360, PlayStation 3 Bethesda Game Studios
14%
1999 F-16 Aggressor Simulateur de vol Windows Virgin Interactive
14%
2015 Fallout Shelter Simulation, Gestion Android, iOS, Microsoft Windows, Nintendo Switch, PlayStation 4, Xbox One Bethesda Game Studios
14%
2022 Ghostwire: Tokyo Action-aventure Windows, PlayStation 5, Xbox Series Tango Gameworks
14%
1986 Gridiron! Sport Amiga, Atari ST, DOS Bethesda Softworks
14%
2023 Hi-Fi Rush Jeu d'action-Jeu de rythme Windows, Xbox Series Tango Gameworks
14%
1991 Home Alone Action NES Bethesda Softworks
14%
2011 Hunted: The Demon's Forge Action-RPG Windows, PlayStation 3, Xbox 360 inXile Entertainment
14%
2000 IHRA Drag Racing Course Windows, PlayStation Bethesda Softworks
14%
2001 IHRA Drag Racing 2 Course PlayStation 2 Bethesda Softworks
14%
2003 IHRA Drag Racing 2004 Course Xbox Super Happy Fun Fun
14%
2006 IHRA Drag Racing: Sportsman Edition Course Windows, Xbox, PlayStation 2 Bethesda Game Studios
14%
2001 IHRA Motorsports Course Windows Bethesda Softworks
14%
2004 IHRA Professional Drag Racing 2005 Course Xbox, PlayStation 2 Bethesda Game Studios
14%
1997 PBA Tour Bowling Sport Windows Bethesda Softworks
14%
2000 PBA Tour Bowling 2 Sport Windows Bethesda Softworks
14%
2000 PBA Tour Bowling 2001 Sport Windows, Dreamcast Bethesda Softworks
14%
2003 Pirates des Caraïbes Action-RPG Windows, Xbox Akella
14%
2006 Pirates des Caraïbes : La Légende de Jack Sparrow Action, aventure Windows, PlayStation 2 7 Studios/Buena Vista Games
14%
2017 Prey Tir en vue à la première personne Windows, PlayStation 4, Xbox One Arkane Austin
14%
2003 Puzznic Réflexion, Action PlayStation, Arcade, Commodore 64, Game Boy, Mobile, PC-Engine, Amiga, NES Altron
14%
2017 Quake Champions Tir en vue à la première personne Windows id Software et Saber Interactive
14%
2011 Rage Action OS X, Windows, PlayStation 3, Xbox 360 id Software
14%
2019 Rage 2 Tir en vue à la première personne Windows, PlayStation 4, Xbox One Avalanche Studios, id Software
14%
2023 Redfall Action-aventure Windows, Xbox Series Arkane Austin
14%
2009 Rogue Warrior Tir en vue à la première personne Windows, PlayStation 3, Xbox 360 Rebellion Developments
14%
2000 Sea Dogs Rôle Windows Akella
14%
1999 Skip Barber Racing Course Windows Bethesda Softworks
14%
2007 Star Trek: Conquest Simulation PlayStation 2, Wii 4J Studios
14%
2006 Star Trek: Encounters Shoot them up PlayStation 2 4J Studios
14%
2006 Star Trek: Legacy Action Windows, Xbox 360 Mad Doc Software
14%
2006 Star Trek: Tactical Assault Simulation Nintendo DS, PSP Quicksilver Software
14%
1998 The Elder Scrolls Adventures: Redguard Action-RPG Windows Bethesda Softworks
14%
2004 The Elder Scrolls Travels: Dawnstar Action-RPG Mobile Vir2L Studios
14%
2004 The Elder Scrolls Travels: Shadowkey Action-RPG N-Gage Vir2L Studios
14%
2003 The Elder Scrolls Travels: Stormhold Action-RPG Mobile Vir2L Studios
14%
2014 The Evil Within Survival horror Windows, PlayStation 3, Xbox 360, PlayStation 4, Xbox One Tango Gameworks
14%
2017 The Evil Within 2 Survival horror Windows, PlayStation 4, Xbox One Tango Gameworks
14%
1990 The Terminator Plates-formes, aventure DOS Bethesda Softworks
14%
1993 The Terminator: Rampage Action DOS Bethesda Softworks
14%
1996 The Terminator: SkyNET Action DOS Bethesda Softworks
14%
1997 XCar: Experimental Racing Course DOS Bethesda Softworks
14%
1998 Zero Critical Aventure Windows Istvan Pely Productions
14%
2017 Dishonored: Death of the Outsider Tir en vue à la première personne Windows, PlayStation 4, Xbox One Arkane Lyon
0%
2008 Ducati Moto Course Nintendo DS 4J Studios
0%
2001 Echelon Simulateur de vol, action Windows Buka Entertainment
0%
2016 Extensions Automatron, Wasteland Workshop et Far Harbor pour Fallout 4 Action-RPG Windows, PlayStation 4, Xbox One Bethesda Game Studios
0%
2009 Extensions Broken Steel, Point Lookout et Mothership Zeta pour Fallout 3 Action-RPG Windows, Xbox 360, PlayStation 3 Bethesda Game Studios
0%
2017 Fallout 4 VR Action-RPG Windows Bethesda Game Studios
0%
2002 Family Card Games Fun Pack Cartes PlayStation Mud Duck Productions
0%
2000 Gromada Action Windows Buka Entertainment
0%
1999 Magic & Mayhem Stratégie Windows Mythos Games
0%
2001 Magic & Mayhem 2: The Art of Magic Stratégie Windows Climax Studios
0%
1999 NIRA Intense Import Drag Racing Course Windows Bethesda Softworks
0%
2019 The Elder Scrolls: Blades Action-RPG Nintendo Switch, iOS, Android Bethesda Game Studios
0%
2003 The Elder Scrolls III: Bloodmoon Action-RPG Windows Bethesda Game Studios
0%
2002 The Elder Scrolls III: Tribunal Action-RPG Windows Bethesda Game Studios
0%
2006 The Elder Scrolls IV: Knights of the Nine Action-RPG Windows, Xbox 360, PlayStation 3 Bethesda Game Studios
0%
2007 The Elder Scrolls IV: Shivering Isles Action-RPG Windows, PS3, Xbox 360 Bethesda Game Studios
0%
2017 The Elder Scrolls V: Skyrim VR Action-RPG Windows, PlayStation 4 Bethesda Game Studios
0%
1992 The Terminator 2029 Action, stratégie DOS Bethesda Softworks
0%
1993 The Terminator 2029: Operation Scour Action, stratégie DOS Bethesda Softworks
0%
1995 The Terminator: Future Shock Action DOS Bethesda Softworks
0%
1988 Wayne Gretzky Hockey Sport Amiga, Atari ST, DOS, NES Bethesda Softworks
0%
1990 Wayne Gretzky Hockey 2 Sport DOS, Amiga Bethesda Softworks
0%
1991 Wayne Gretzky Hockey 3 Sport DOS Bethesda Softworks
0%
2009 WET Action PlayStation 3, Xbox 360 Artificial Mind and Movement
0%
2009 Wheelspin Course Wii Awesome Play
0%
1991 Where's Waldo? Réflexion NES Bethesda Softworks
0%
Aucun quiz correspondant
Distribution des résultats
% des personnes avec chaque résultat
Percentile par nombre de réponses
Votre historique - résultats
Vous n’avez pas pris ce quiz